000 00722nam a22002297a 4500
003 UA-OsUOA
001 59214
007 ta
008 20090313b un ||||| |||| 00| 0 ukr d
090 _a94(477).064
_bК84
942 _cBK
040 _aUA-OsUOA
_bukr
_cUA-OsUOA
_dUA-OsUOA
245 _aКрути. Січень 1918 року
_bдокументи, матеріали, дослідження, кіносценарій
_cупорядник Я. Гаврилюк
300 _a840 с.
955 _a1
041 _aukr
080 _a94(477).064
020 _a978-966-2133-35-6
260 _aК.
_bПросвіта
_c2008
650 7 _a9 Географія. Біографії. Історія
_2UDC
999 _c345297
_d345297